Most Guessed Baseball Hall of Famers - Statistics

General Stats
  • This quiz has been taken 97 times
  • The average score is 9 of 19
Answer Stats
% Player % Correct
97 Babe Ruth
97%
81 Lou Gehrig
65%
83 Derek Jeter
58%
88 Randy Johnson
53%
88 Judy Johnson
51%
89 Walter Johnson
51%
85 Brooks Robinson
46%
85 Frank Robinson
46%
87 Jackie Robinson
46%
86 Ty Cobb
46%
85 Wilbert Robinson
46%
80 Ken Griffey, Jr.
45%
83 Hilton Smith
35%
84 Lee Smith
35%
84 Ozzie Smith
35%
83 Chipper Jones
33%
80 David Ortiz
29%
80 Iván Rodríguez
29%
80 Edgar Martinez
24%
No matching quizzes found
Score Distribution
Percent of People with Each Score
Percentile by Number Answered
Your Score History
You have not taken this quiz